01316nam a2200337Ia 4500001001200000003000800012006001900020007001500039008004100054010001700095020002300112020002000135040002100155035002000176050002500196082001400221100003300235245009300268260007000361300001600431504006400447533015200511650003900663650001400702650002900716655002900745700004400774710001700818856012600835999001700961ebr10021339CaPaEBRm u cr cn|||||||||000711s2001 enk sb 001 0 eng d z 00058516  z0521773075 (eBook) z0521774799 (pb) aCaPaEBRcCaPaEBR a(OCoLC)7076943714aQA76.87b.E45 2001eb04a006.32211 aEngel, A.q(Andreas),d1957-10aStatistical mechanics of learningh[electronic resource] /cA. Engel, C. Van den Broeck. aCambridge, U.K. ;aNew York :bCambridge University Press,c2001. axii, 341 p. aIncludes bibliographical references (p. 313-325) and index. aElectronic reproduction.bPalo Alto, Calif. :cebrary,d2009.nAvailable via World Wide Web.nAccess may be limited to ebrary affiliated libraries. 0aNeural networks (Computer science) 0aLearning. 0aArtificial intelligence. 7aElectronic books.2local1 aBroeck, C. van denq(Christian),d1954-2 aebrary, Inc.40uhttp://site.ebrary.com/lib/rucke/Doc?id=10021339zAn electronic book accessible through the World Wide Web; click to view c10932d10932